Segalen, l'écriture, le nom : architecture d'un secret /

Victor Segalen (1878-1919), pese a su muerte prematura dejó una obra que lo ha convertido en uno de los grandes poetas franceses del siglo XX. Viajero incansable, se adentró en China y la Polinesia, en una época en que resultaban culturas muy remotas. Una curiosidad e interés por descifrar otros mun...

Deskribapen osoa

Gorde:
Xehetasun bibliografikoak
Egile nagusia: Germe, Etienne (autor)
Formatua: Liburua
Hizkuntza:frantsesa
Argitaratua: Vincennes, Francia : Presses Universitaires de Vincennes, 2001, c2001
Saila:(L'Imaginaire du Texte)
Gaiak:
Etiketak: Etiketa erantsi
Etiketarik gabe, Izan zaitez lehena erregistro honi etiketa jartzen!

MARC

LEADER 00000nam^a2200000^a^4500
001 000181772
005 20250521000000.0
009 20260310101942.881
020 |a 2-84292-102-X 
037 |a Acervo ITESO - Biblioteca 
041 |a FRA 
082 |a 840. 9440813  |b GER 
100 |a Germe, Etienne  |e (autor) 
245 1 0 |a Segalen, l'écriture, le nom :  |b architecture d'un secret /  |c E. Germe. 
264 4 |a Vincennes, Francia :  |b Presses Universitaires de Vincennes,  |c 2001, c2001 
300 |a 221 p. 
336 |a texto  |b txt  |2 rdacontenido 
337 |a sin mediación  |b n  |2 rdamedio 
338 |a volumen  |b nc  |2 rdasoporte 
440 2 |a (L'Imaginaire du Texte) 
520 |a Victor Segalen (1878-1919), pese a su muerte prematura dejó una obra que lo ha convertido en uno de los grandes poetas franceses del siglo XX. Viajero incansable, se adentró en China y la Polinesia, en una época en que resultaban culturas muy remotas. Una curiosidad e interés por descifrar otros mundos, que se hace patente en sus obras. Algunos de sus títulos son: Estelas; René Leys; El hijo del cielo; Viaje al país de lo real; Diario de las islas; La vida cóncava; una selección de su poesía se encuentra en Antología. 
649 |a XX 
650 |a Escritores Franceses 
650 |a Literatura Francesa -  |y Siglo XX 
650 |a Literatura Francesa -  |x Historia y Crítica 
650 |a Segalen, Victor 
910 |a Fondo General 
920 |a Impresos - Libros 
930 |a Colección General 
940 |a Literatura 
905 |a 101 
901 |a 0500121491  |b IT1  |c LIT  |u 20250521 
902 |a https://opac.biblio.iteso.mx/vufind/Record/000181772